<?xml version="1.0" encoding="UTF-8"?>
<record
    xmlns:xsi="http://www.w3.org/2001/XMLSchema-instance"
    xsi:schemaLocation="http://www.loc.gov/MARC21/slim http://www.loc.gov/standards/marcxml/schema/MARC21slim.xsd"
    xmlns="http://www.loc.gov/MARC21/slim">

  <leader>03135nam a2200337 a 4500</leader>
  <controlfield tag="003">OSt</controlfield>
  <controlfield tag="005">20250926124747.0</controlfield>
  <controlfield tag="007">cr ||||||a|a|a</controlfield>
  <controlfield tag="008">250828s2025    mx a|||fom||| 001 0 spa d</controlfield>
  <datafield tag="040" ind1=" " ind2=" ">
    <subfield code="e">rda</subfield>
  </datafield>
  <datafield tag="100" ind1="1" ind2=" ">
    <subfield code="a">Tinoco TRujillo, Carmen</subfield>
    <subfield code="9">191000</subfield>
  </datafield>
  <datafield tag="245" ind1="1" ind2="0">
    <subfield code="a">Mejora productiva y reproductiva en granja porcina de ciclo completo Agro Quil H4 /</subfield>
    <subfield code="c">por Carmen Tinoco Trujillo; director de tesis Agust&#xED;n Ru&#xED;z Flores; secretario Constantino Romero M&#xE1;rquez; vocal Jos&#xE9; Guadalupe Mart&#xED;nez Mart&#xED;nez; suplente Alejandro Lara Bueno; suplente Ricardo Emmanuel Mart&#xED;nez Rocha.</subfield>
  </datafield>
  <datafield tag="264" ind1=" " ind2="1">
    <subfield code="a">Chapingo, M&#xE9;xico :</subfield>
    <subfield code="b">El autor,</subfield>
    <subfield code="c">2025.</subfield>
  </datafield>
  <datafield tag="300" ind1=" " ind2=" ">
    <subfield code="a">1 recurso en l&#xED;nea (72 p&#xE1;ginas):</subfield>
    <subfield code="b">cuadros, figuras.</subfield>
  </datafield>
  <datafield tag="336" ind1=" " ind2=" ">
    <subfield code="2">rdacontent</subfield>
    <subfield code="a">texto</subfield>
    <subfield code="b">txt</subfield>
  </datafield>
  <datafield tag="337" ind1=" " ind2=" ">
    <subfield code="2">rdamedia</subfield>
    <subfield code="a">computadora</subfield>
    <subfield code="b">c</subfield>
  </datafield>
  <datafield tag="338" ind1=" " ind2=" ">
    <subfield code="2">rdacarrier</subfield>
    <subfield code="a">recurso en l&#xED;nea</subfield>
    <subfield code="b">cr</subfield>
  </datafield>
  <datafield tag="502" ind1=" " ind2=" ">
    <subfield code="b">IAEZ</subfield>
    <subfield code="c">Zootecn&#xED;a</subfield>
    <subfield code="d">2025.</subfield>
    <subfield code="g">LIC</subfield>
  </datafield>
  <datafield tag="504" ind1=" " ind2=" ">
    <subfield code="a">Incluye referencias bibliogr&#xE1;ficas: p&#xE1;ginas 67-69.</subfield>
  </datafield>
  <datafield tag="520" ind1=" " ind2=" ">
    <subfield code="a">La granja porcina est&#xE1; en b&#xFA;squeda constante de estrategias para mejorar la producci&#xF3;n de carne porcina, a trav&#xE9;s de mejorar la eficiencia en la utilizaci&#xF3;n de los insumos para la producci&#xF3;n, tratando de obtener productos de la mejor calidad. El presente trabajo se divide en varias etapas: primero se realiz&#xF3; una evaluaci&#xF3;n exhaustiva del estado actual de instalaciones, equipo y pr&#xE1;cticas de manejo, recopilando datos sobre diversos par&#xE1;metros. Posteriormente, se dise&#xF1;aron estrategias espec&#xED;ficas para realizar mejoras, que incluyeron la modernizaci&#xF3;n de instalaciones, pr&#xE1;cticas de manejo m&#xE1;s efectivas y la introducci&#xF3;n de tecnolog&#xED;as innovadoras. La implementaci&#xF3;n de estas mejoras se realiz&#xF3; gradualmente y bajo supervisi&#xF3;n, con un seguimiento constante de los cambios en los indicadores clave de producci&#xF3;n. Despu&#xE9;s de la implementaci&#xF3;n, se evaluaron los resultados a trav&#xE9;s de la estimaci&#xF3;n de diversos par&#xE1;metros productivos, como el aumento en la tasa de crecimiento de los cerdos, la reducci&#xF3;n de enfermedades, el uso m&#xE1;s eficiente de los recursos y la calidad de la carne producida. Finalmente, se proporcionan recomendaciones basadas en los resultados obtenidos para guiar futuras decisiones y mejoras en la granja porcina. Este proyecto busc&#xF3; no solo aumentar la rentabilidad y sostenibilidad de la granja, sino tambi&#xE9;n servir como un modelo para otras operaciones porcinas de producci&#xF3;n semi-intensiva, contribuyendo al crecimiento y desarrollo de la industria porcina a nivel local y regional.</subfield>
  </datafield>
  <datafield tag="650" ind1=" " ind2="4">
    <subfield code="a">Cerdos</subfield>
    <subfield code="x">Producci&#xF3;n</subfield>
    <subfield code="9">141096</subfield>
  </datafield>
  <datafield tag="650" ind1=" " ind2="4">
    <subfield code="a">Granjas porcinas</subfield>
    <subfield code="x">Administraci&#xF3;n</subfield>
    <subfield code="9">191270</subfield>
  </datafield>
  <datafield tag="650" ind1=" " ind2="4">
    <subfield code="a"> Calidad de la carne de cerdo</subfield>
    <subfield code="9">185369</subfield>
  </datafield>
  <datafield tag="700" ind1="1" ind2=" ">
    <subfield code="a">Ruiz Flores, Agust&#xED;n</subfield>
    <subfield code="9">100671</subfield>
    <subfield code="e">director.</subfield>
  </datafield>
  <datafield tag="700" ind1="1" ind2=" ">
    <subfield code="a">Romero M&#xE1;rquez, Constantino</subfield>
    <subfield code="9">99621</subfield>
    <subfield code="e">secretario.</subfield>
  </datafield>
  <datafield tag="700" ind1="1" ind2=" ">
    <subfield code="a">Mart&#xED;nez Mart&#xED;nez, Jos&#xE9; Guadalupe</subfield>
    <subfield code="9">126817</subfield>
    <subfield code="e">vocal.</subfield>
  </datafield>
  <datafield tag="700" ind1="1" ind2=" ">
    <subfield code="a">Lara Bueno, Alejandro</subfield>
    <subfield code="9">64829</subfield>
    <subfield code="e">suplente.</subfield>
  </datafield>
  <datafield tag="700" ind1="1" ind2=" ">
    <subfield code="a">Mart&#xED;nez Rocha, Ricardo Emmanuel</subfield>
    <subfield code="9">130393</subfield>
    <subfield code="e">suplente.</subfield>
  </datafield>
  <datafield tag="856" ind1=" " ind2=" ">
    <subfield code="z">DESCARGAR PDF</subfield>
    <subfield code="u">http://10.13.5.2/tesis/tl/1412519-6_TINOCO_TRUJILLO_CARMEN.pdf</subfield>
  </datafield>
  <datafield tag="942" ind1=" " ind2=" ">
    <subfield code="2">Clasificaci&#xF3;n Universidad Aut&#xF3;noma Chapingo</subfield>
    <subfield code="c">TD</subfield>
  </datafield>
  <datafield tag="999" ind1=" " ind2=" ">
    <subfield code="c">220873</subfield>
    <subfield code="d">220873</subfield>
  </datafield>
  <datafield tag="952" ind1=" " ind2=" ">
    <subfield code="0">0</subfield>
    <subfield code="1">0</subfield>
    <subfield code="2">local</subfield>
    <subfield code="4">0</subfield>
    <subfield code="7">0</subfield>
    <subfield code="8">TesDigL</subfield>
    <subfield code="a">BD</subfield>
    <subfield code="b">BD</subfield>
    <subfield code="c">E_L</subfield>
    <subfield code="d">2025-08-28</subfield>
    <subfield code="l">0</subfield>
    <subfield code="o">Tesis digital</subfield>
    <subfield code="r">2025-08-28 13:00:34</subfield>
    <subfield code="w">2025-08-28</subfield>
    <subfield code="y">TD</subfield>
  </datafield>
</record>
